[Event "Andorra op 33rd"]
[Site "La Massana"]
[Date "2015.07.20"]
[Round "3"]
[White "Rudolf, Anna"]
[Black "Kogan, Artur"]
[Result "0-1"]
[WhiteElo "2335"]
[BlackElo "2526"]
[PlyCount "122"]
[EventDate "2015.07.18"]
[EventType "swiss"]
[EventRounds "9"]
[EventCountry "AND"]
[SourceTitle "CBM 167 Extra"]
[Source "ChessBase"]
[SourceDate "2015.09.14"]
[SourceVersion "1"]
[SourceVersionDate "2015.09.14"]
[SourceQuality "1"]

1. e4 c5 2. Nf3 a6 3. c3 e6 4. d4 d5 5. e5 Bd7 6. Na3 Nc6 7. Be2 f6 8. exf6 Nxf6 9. Bf4 cxd4 10. Nxd4 Bxa3 11. Nxc6 Bxc6 12. bxa3 Qe7 13. Qd4 Qxa3 14. 0-0 0-0 15. Be5 Qa4 16. f4 Rac8 17. Qxa4 Bxa4 18. Rab1 b5 19. Rbc1 Rc6 20. Bd3 Nd7 21. Bd4 Rfc8 22. Rce1 g6 23. g4 Rxc3 24. Bxc3 Rxc3 25. Bb1 Kf7 26. Re2 Rc4 27. h3 b4 28. Rd2 Nf6 29. Bd3 Rc3 30. Kh2 a5 31. Re1 Nd7 32. Bb1 Bc6 33. Rde2 Nc5 34. f5 gxf5 35. gxf5 Ne4 36. fxe6+ Kxe6 37. Rg1 Bb5 38. Rc2 Bc4 39. Rxc3 Nxc3 40. a4 bxa3 41. Bxh7 a2 42. Kg2 Ke5 43. Ra1 d4 44. Kf3 Bd5+ 45. Kf2 Kf4 46. Bd3 a4 47. h4 Bf7 48. Bc2 Bc4 49. h5 Kg5 50. Bg6 a3 51. Rg1+ Kh6 52. Ra1 Na4 53. Kf3 Nc5 54. Kf4 Bb3 55. Kf3 Bd5+ 56. Kf4 d3 57. Ke3 Bc4 58. Bxd3 Nxd3 59. Rxa2 Bxa2 60. Kxd3 Bb3 61. Kc3 Ba4 0-1

[Event "Mitropa Cup (Women)"]
[Site "Zillertal"]
[Date "2015.06.22"]
[Round "9.2"]
[White "Sedina, Elena"]
[Black "Rudolf, Anna"]
[Result "1/2-1/2"]
[WhiteElo "2326"]
[BlackElo "2348"]
[PlyCount "52"]
[EventDate "2015.06.14"]
[EventType "team-tourn"]
[EventRounds "9"]
[EventCountry "AUT"]
[SourceTitle "CBM 167 Extra"]
[Source "ChessBase"]
[SourceDate "2015.09.14"]
[SourceVersion "1"]
[SourceVersionDate "2015.09.14"]
[SourceQuality "1"]
[WhiteTeam "Italy (W)"]
[BlackTeam "Hungary (W)"]
[WhiteTeamCountry "ITA"]
[BlackTeamCountry "HUN"]

1. e4 e6 2. d4 d5 3. e5 c5 4. c3 Nc6 5. Nf3 Bd7 6. Be2 Nge7 7. Na3 cxd4 8. cxd4 Nf5 9. Nc2 Qa5+ 10. Bd2 Qb6 11. Bc3 Nb4 12. Nxb4 Bxb4 13. Bxb4 Qxb4+ 14. Qd2 a5 15. Rc1 Qxd2+ 16. Kxd2 Ne7 17. Rc3 a4 18. Rhc1 Nc6 19. h4 Ke7 20. h5 h6 21. Ke3 Rhb8 22. g4 Nb4 23. Ra1 Nc6 24. Rac1 Nb4 25. Ra1 Nc6 26. Rac1 Nb4 1/2-1/2

[Event "Mitropa Cup (Women)"]
[Site "Zillertal"]
[Date "2015.06.21"]
[Round "8.4"]
[White "Rudolf, Anna"]
[Black "Trippold, Denise"]
[Result "1-0"]
[WhiteElo "2348"]
[BlackElo "1966"]
[PlyCount "91"]
[EventDate "2015.06.14"]
[EventType "team-tourn"]
[EventRounds "9"]
[EventCountry "AUT"]
[SourceTitle "CBM 167 Extra"]
[Source "ChessBase"]
[SourceDate "2015.09.14"]
[SourceVersion "1"]
[SourceVersionDate "2015.09.14"]
[SourceQuality "1"]
[WhiteTeam "Hungary (W)"]
[BlackTeam "Austria (W) II"]
[WhiteTeamCountry "HUN"]
[BlackTeamCountry "AUT"]

1. d4 Nf6 2. Nf3 e6 3. c4 b6 4. a3 Bb7 5. Nc3 d5 6. cxd5 exd5 7. Bg5 h6 8. Bh4 Be7 9. e3 0-0 10. Bd3 Nbd7 11. Rc1 Ne4 12. Bxe7 Qxe7 13. 0-0 c6 14. Qc2 Rfe8 15. Rfe1 Rad8 16. b4 Ra8 17. Qb3 a6 18. a4 Rec8 19. a5 b5 20. Re2 f5 21. Ne1 Rf8 22. f3 Nd6 23. f4 Kh8 24. Nf3 Rad8 25. Qb1 g6 26. Nd1 Nc4 27. Nf2 Rf6 28. g4 Na3 29. Qb2 Nc4 30. Qb1 Na3 31. Qb2 Nc4 32. Qc3 Rdf8 33. g5 hxg5 34. Nxg5 Kg7 35. Bb1 Nd6 36. Qe1 Rh8 37. Nd3 Ne4 38. Rg2 Rh5 39. Nf3 Kf8 40. Nde5 Nxe5 41. Nxe5 Qh7 42. Bxe4 fxe4 43. Qc3 Rh3 44. Qc5+ Kg8 45. f5 Qh6 46. Ng4 1-0